[Event "IND-ch U15 Girls 38th"]
[Site "New Delhi"]
[Date "2022.12.01"]
[Round "5"]
[White "Falak, Joni Naik"]
[Black "Asudani, Ruhani Raj"]
[Result "1/2-1/2"]
[WhiteElo "1421"]
[BlackElo "1201"]
[PlyCount "101"]
[EventDate "2022.11.28"]
[EventType "swiss"]
[EventRounds "11"]
[EventCountry "IND"]
[SourceTitle "CBM 211 Extra"]
[Source "ChessBase"]
[SourceDate "2023.01.31"]
[SourceVersion "1"]
[SourceVersionDate "2023.01.31"]
[SourceQuality "1"]

1. d4 d5 2. Nf3 Nf6 3. e3 e6 4. Bd3 c5 5. b3 Nc6 6. a3 b6 7. Bb2 Bb7 8. Nbd2 Bd6 9. 0-0 0-0 10. Ne5 Ne7 11. f4 Nf5 12. Qe2 Ne4 13. g4 Nh4 14. Rad1 f6 15. Nef3 Nxf3+ 16. Nxf3 Rc8 17. c4 Qe7 18. Nd2 Nxd2 19. Qxd2 cxd4 20. exd4 a5 21. Rde1 Qd7 22. Re3 dxc4 23. Bxc4 Bd5 24. Bd3 f5 25. g5 Bxb3 26. Qe2 Bd5 27. Bb5 Qf7 28. h4 Be4 29. Bd3 Bd5 30. h5 Qc7 31. Qf2 Qf7 32. Rh3 Be4 33. Qe3 Qb7 34. Rf2 Qd5 35. g6 Bxd3 36. gxh7+ Kh8 37. Qxd3 Qe4 38. Qg3 Qb1+ 39. Kg2 Rc2 40. h6 Rxf2+ 41. Qxf2 Qe4+ 42. Kg1 Bxf4 43. hxg7+ Kxg7 44. d5+ e5 45. Qxb6 Qe1+ 46. Kg2 Qe2+ 47. Kh1 Qe4+ 48. Kg1 Qe1+ 49. Kg2 Qe2+ 50. Kh1 Qe4+ 51. Kg1 1/2-1/2

[Event "Wch U08 Girls"]
[Site "Batumi"]
[Date "2016.10.23"]
[Round "5"]
[White "Hamdollahi, Zahra"]
[Black "Falak, Joni Naik"]
[Result "1-0"]
[WhiteElo "1251"]
[BlackElo "1024"]
[PlyCount "61"]
[EventDate "2016.10.19"]
[EventType "swiss"]
[EventRounds "11"]
[EventCountry "GEO"]
[SourceTitle "CBM 175 Extra"]
[Source "ChessBase"]
[SourceDate "2016.12.12"]
[SourceVersion "1"]
[SourceVersionDate "2016.12.12"]
[SourceQuality "1"]

1. e4 d5 2. exd5 Nf6 3. d4 Bg4 4. Nf3 Qxd5 5. Be2 Nc6 6. Nc3 Qh5 7. Bf4 0-0-0 8. Qd2 Nd7 9. 0-0-0 Nb6 10. h3 Bd7 11. Ne5 Qf5 12. Bg4 Qf6 13. Bg5 Qd6 14. Nxf7 Qb4 15. Nxd8 Kxd8 16. Bxd7 Nxd7 17. Nd5 Qa4 18. Nc3 Qa5 19. Be3 e6 20. Qe2 g6 21. Qg4 Ke7 22. Qg5+ Qxg5 23. Bxg5+ Ke8 24. d5 exd5 25. Nxd5 Bd6 26. Bf4 Bxf4+ 27. Nxf4 Rf8 28. Rhe1+ Kd8 29. Ne6+ Ke8 30. Nxf8+ Kxf8 31. Rxd7 1-0